| 000 | 01850nam a2200361 c 4500 | ||
|---|---|---|---|
| 999 |
_c183361 _d183361 |
||
| 003 | BLK | ||
| 005 | 20230404095538.0 | ||
| 008 | 180411b bul|||||r ||||||| ||bul|| | ||
| 010 | _aKNG00192291000 | ||
| 040 | _aBLK | ||
| 041 |
_aBUL _cBUL |
||
| 072 | 7 |
_2bullib _aА _xФонд Михаил Арнаудов |
|
| 080 |
_aИстория на България _b94(497.2) _x(092) _z94(497.2)(092) |
||
| 080 |
_aБългарски историк-медиевист, археолог и епиграф _b929 Златарски, Васил Николов _z929 Златарски, Васил Николов |
||
| 139 |
_aСборник в чест на Васил Н. Златарски _bЗ 71 |
||
| 245 | 1 | 0 |
_aСборник в чест на Васил Н. Златарски _bПо случай на 30-год. му науч. и професорска дейност : Приготвен от неговите ученици и почитатели |
| 257 | _aBGR | ||
| 260 | _c1925 | ||
| 300 |
_aXVI, 573 с. _bил., портр. _c26 см |
||
| 380 | _a9 | ||
| 490 | 1 |
_aИзвестия на Българския археологически институт _vКн. 3, 1925 |
|
| 490 |
_aЧастна колекция - Академик Михаил Арнаудов _9396381 _gДарение - Основен фонд |
||
| 500 | _aВ сб. статия Към история на българската схизма / Михаил Арнаудов. - Кн. е с твърда подв. и има подпис на Михаил Арнаудов | ||
| 600 | 1 | 4 |
_aЗлатарски, Васил Николов _d1866-1935 _gИсторик-медиевист, археолог, епиграф _9412572 |
| 650 | 4 |
_aИсторици, български _9245243 |
|
| 653 | _aбългарски историци | ||
| 653 | _aВасил Златарски | ||
| 659 | _aА | ||
| 852 | _aМА 2987 | ||
| 852 |
_aЦб 9.255.17081 _bЦб |
||
| 856 | 4 | _qpdf | |
| 856 | 4 | _qpdf | |
| 942 |
_cKNG _n0 _s1 |
||
| 944 |
_aCR _c11.10.2016 _kГеновева_Генчева |
||
| 944 |
_aED _c11.10.2016 _kГеновева_Генчева |
||
| 944 |
_aED _c2021-09-20 _kВП |
||
| 999 | _d183361 | ||
| 999 | _d183361 | ||
| 999 | _d183361 | ||